00466nam a2200157Ia 4500008004100000082002100041100001600062245005000078250000600128260003500134300000700169600001600176630005000192700001600242730005000258151018s9999 xx 000 0 und d bRBASDV42975a824 aC. R. Irani aCorruption and criminalisation in public life b1 bCalcutta Journalism clubc1999 a21 aC. R. Irani aCorruption and criminalisation in public life aC. R. Irani aCorruption and criminalisation in public life